000 00472 a2200133 4500
001 91324
082 _aPR 1220
090 _c43438
_d43437
100 _aRaed Abdul Razzaq; Prof Eubad John (Advisor)
245 _aDesigning and Fabrication of heat Resorvoir for Cooling and Heating Purpose and also Redesigning and Fabrication of Water Heating System and Solar Oven
_n44 "A" EC
260 _aKarachi
_bNED University
_c1996
300 _a96p
500 _aBE Project Reports
942 _aCAE NUST
_kPR 1220
999 _c326397
_d326397